| 000 | 00712nam a2200193Ia 4500 | ||
|---|---|---|---|
| 005 | 20250622124039.0 | ||
| 008 | 250616s9999||||xx |||||||||||||| ||ara|| | ||
| 082 | 0 | 4 |
_a"956,81" _bم ع |
| 100 | 0 | _aمحمود العابدى | |
| 245 | 1 | 0 |
_aعمان فى ماضيها وحاضرها / _cتأليف محمود العابدى |
| 250 | _aط1 | ||
| 260 | 3 |
_aعمان : _b"وزارة الثقافة،" _c2021. |
|
| 300 |
_a"188 ، [1ص] :" _bإيض ؛ _c24سم. |
||
| 490 | _aمكتبة الأسرة الأردنية | ||
| 651 |
_aعمان _x تاريخ _y العصر الإسلامى |
||
| 651 |
_aعمان _x تاريخ _y العصر الحديث |
||
| 942 | _cBK | ||
| 999 |
_c67726 _d67726 |
||